English bookbinding styles 1450-1800 : a handbook /

Bibliographic Details
Main Author: Pearson, David, 1955-
Format: Book
Language:English
Published: London : New Castle, DE : British Library ; Oak Knoll Press, 2005.
Subjects:

MARC

Tag First Indicator Second Indicator Subfields
LEADER 00000pam a2200000 a 4500
001 in00002070430
005 20151102050719.0
008 040521s2005 enkaf b 001 0 eng
010 |a  2004052061 
020 |a 1584561408 
035 |a (OCoLC)ocm55600823 
040 |a DLC  |c DLC  |d YDX  |d UtOrBLW 
043 |a e-uk-en 
049 |a TXAM 
050 0 0 |a Z270.E5  |b P44 2005 
082 0 0 |a 686.3/0942  |2 22 
100 1 |a Pearson, David,  |d 1955- 
245 1 0 |a English bookbinding styles 1450-1800 :  |b a handbook /  |c David Pearson. 
264 1 |a London :  |b British Library ;  |a New Castle, DE :  |b Oak Knoll Press,  |c 2005. 
300 |a xii, 221 pages, 16 unnumbered pages of plates :  |b illustrations (some color) ;  |c 29 cm. 
336 |a text  |b txt  |2 rdacontent 
337 |a unmediated  |b n  |2 rdamedia 
338 |a volume  |b nc  |2 rdacarrier 
504 |a Includes bibliographical references (pages 189-203) and index. 
650 0 |a Bookbinding  |z England  |x History. 
945 |i PromptCat 
947 |a A14832661407 
948 |a cataloged  |b h  |c 2005/7/29  |d c  |e achopde  |f 1:41:06 pm 
994 |a 92  |b TXA 
999 |a MARS 
999 f f |s 1ae7b954-8320-3f3d-bff7-7054cca81065  |i 4f931579-9ecc-31c3-a88d-65bffb70012e  |t 0 
952 f f |p normal  |a Texas A&M University  |b College Station  |c Sterling C. Evans Library  |d Evans: Library Stacks  |t 0  |e Z270.E5 P44 2005  |h Library of Congress classification  |i unmediated -- volume  |m A14832661407 
998 f f |a Z270.E5 P44 2005  |t 0  |l Evans: Library Stacks